| 000 | 00495nam a22001817a 4500 | ||
|---|---|---|---|
| 003 | BDDh-ASL | ||
| 005 | 20231015031021.0 | ||
| 008 | 220921s1952 pk ||||| |||| 00| 0 urd d | ||
| 040 |
_aBDDh-ASL _cBDDh-ASL |
||
| 041 | _aurd | ||
| 082 |
_a297.125 _bZUA |
||
| 100 | 1 |
_96590 _aAhmad, Hafiz Nazar |
|
| 245 | 1 | 0 | _aArbaeen-I Nawawi : / اربعین نووی |
| 260 |
_aLahore : _bMaulavi Sardar Mohammad , _c1952. |
||
| 300 |
_a144 p. : _c18 cm. |
||
| 650 | 0 |
_93956 _aHadith |
|
| 942 |
_2ddc _cBK |
||
| 999 |
_c29305 _d29305 |
||